000 01009nam a2200289 a 4500
001 000028087
003 DO-SdBNP
005 20231204145353.0
006 a||||gr|||| 00| 0
007 ta
008 110406b190? dr a 000 0 spa d
040 _aDO-SdBNP
_bspa
_cBNPHU
_erda
082 4 _bL419d
_222
100 1 _aLawrence, Bárbara
_955105
_eautor
245 1 0 _aDogs from the Dominican Republic. /
_cBárbara Lawrence.
264 _aSanto Domingo :
_bCENDIA,
_c[190?].
300 _a19 páginas :
_bIlustraciones. fotografías ;
_c21 cm.
336 _2rdacontent
_atexto
_btxt
337 _2rdamedia
_asinmediación
_bn
338 _2rdacarrier
_avolumen
_bnc
490 1 _aCuadernos del CENDIA ;
_v263, No. 8
500 _aBárbara Lawrence, Decana del Museo de Zoología Comparada de la Universidad de Harvard.
590 _aInventariado 2023 / MF
710 1 _aCentro dominicano de investigaciones antropologícas
_955102
830 0 _aCuadernos del CENDIA
_v263, No. 8
_955103
942 _2ddc
_cLF2
999 _c27579
_d27579